01015nam a2200265 a 4500001001000000003000500010005001700015008004100032010001100073011001100084040000900095100003600104245022000140260004100360500006000401502007700461650002300538650001300561650001700574650001300591650002300604650001700627700003500644856007000679000110701CHAP20220329144143.0140926s2014 mx | |sm |||||||spa|d a107163 a108135 cCHAP1 aMontiel Rule, José de Jesús10aRespuestas de defensa en plantas de chile (Capsicum annuum L.) inoculadas con el nemátodo Nacobbus aberrans Thorne and Allen, 1944h[En línea]cpor José de Jesús Montiel Rule y Miguel Ángel José Antonio. aChapingo, Méx. :bEl autor,c2014. aPara ver el contenido del material haga clic en la liga aTesis (Ing. Agr. Esp. en Fitotecnia) -- UACH. Departamento de Fitotecnia14aChile (Botánica)14aFenoles.14aFlavonoides.14aLignina.14aNacobbus aberrans.14aNemátodos.1 aJosé Antonio, Miguel Ángel aFinding aiduhttp://10.13.5.2/tesis/sist110701.pdfzTeclea aquí